|
|
|
|
| LEADER |
00890pam a22002538a 4500 |
| 001 |
00024233 |
| 005 |
20171026081022.0 |
| 008 |
110716s1999 ||||||Viesd |
| 020 |
|
|
|c 17400
|
| 041 |
0 |
# |
|a Vie
|
| 082 |
1 |
# |
|a 005.1
|b K300N
|
| 100 |
0 |
# |
|e tác giả
|a Pressman, Roger S
|
| 245 |
0 |
0 |
|a Kĩ nghệ phần mềm cách tiếp cận con người thực hành
|c Roger S.Pressman; Người dịch : Ngô Trung Việt
|n T.2
|
| 260 |
# |
# |
|a H.
|b Giáo dục
|c 1999
|
| 300 |
# |
# |
|a 336 tr.
|c 21 cm.
|
| 653 |
# |
# |
|a Kĩ nghệ phần mềm
|
| 653 |
# |
# |
|a Tin học
|
| 653 |
# |
# |
|a Phần mềm
|
| 700 |
0 |
# |
|a Ngô Trung Việt
|e dịch
|
| 852 |
# |
# |
|b Kho mượn
|j KM.0006028
|
| 852 |
# |
# |
|j KD.0001227
|j KM.0006028
|
| 852 |
# |
# |
|b Kho đọc
|j KD.0001227
|
| 910 |
|
|
|d 16/07/2011
|
| 980 |
# |
# |
|a Trung tâm Học liệu Lê Vũ Hùng, Trường Đại học Đồng Tháp
|